000 00512cam a2200205 4500
001 J108601
008 000000n1995 000 0 eng u
035 _a(Sirsi) u108601
050 _a333.33
110 _aHillier Parker Research
_92002
245 _aResidual land values - July 1995
260 _aLondon
_bHiller Parker
_c1995
300 _a2p. ; 30cm.
650 _aRESIDUAL LAND VALUES
650 _aOFFICES
650 _aRENTS
650 _aLONDON
690 _aCOMMERICAL PROPERTY
942 _n0
999 _c100838
_d100838